LEADER 01541nam 2200433 450 001 9910704253303321 005 20160127130907.0 035 $a(CKB)5470000002439142 035 $a(OCoLC)936112082 035 $a(EXLCZ)995470000002439142 100 $a20160127d1977 ua 0 101 0 $aeng 135 $aur||||||||||| 181 $ctxt$2rdacontent 182 $cc$2rdamedia 183 $acr$2rdacarrier 200 00$aCollected data reports for STIP Interval II $e20 March - 5 May 1976 /$fHelen E. Coffey and John A. McKinnon, editors 210 1$aBoulder, Colorado :$cWorld Data Center A for Solar-Terrestrial Physics, NOAA,$d1977. 215 $a1 online resource (vi, 313 pages) $cillustrations 225 1 $aReport UAG ;$v61 300 $a"World Data Center A Upper Atmosphere Geophysics"--Cover. 300 $a"August 1977." 300 $aTitle from title screen (viewed January 27, 2016). 320 $aIncludes bibliographical references and indexes. 517 $aCollected data reports for STIP Interval II 606 $aSolar activity 606 $aSolar wind 615 0$aSolar activity. 615 0$aSolar wind. 702 $aCoffey$b Helen E. 702 $aMcKinnon$b John A. 712 02$aUnited States.$bNational Oceanic and Atmospheric Administration. 712 02$aWorld Data Center A for Solar-Terrestrial Physics, 801 0$bGPO 801 1$bGPO 906 $aBOOK 912 $a9910704253303321 996 $aCollected data reports for STIP Interval II$93525740 997 $aUNINA